Debates hacia una nueva sociedad: tertulias sobre viejos y nuevos actores /
Guardat en:
| Autor principal: | |
|---|---|
| Altres autors: | |
| Format: | Text |
| Publicat: |
La Paz:
ILDIS
|
| Etiquetes: |
Afegir etiqueta
Sense etiquetes, Sigues el primer a etiquetar aquest registre!
|
MARC
| LEADER | 00000 a a2200000 04500 | ||
|---|---|---|---|
| 001 | 23745 | ||
| 003 | |||
| 040 | |||
| 090 | |a 164200 | ||
| 100 | |a Verdesoto C., Luis F | ||
| 245 | |a Debates hacia una nueva sociedad: tertulias sobre viejos y nuevos actores / |c Luis F Verdesoto C. | ||
| 260 | |a La Paz: |b ILDIS | ||
| 300 | |a 332 p | ||
| 700 | |a comp | ||
| 999 | |c 16743 |d 16743 | ||
